Statistics for Five Countries with the Most Immigrants by Continent

Click here to take the quiz!

General Stats

  • This quiz has been taken 2,371 times
  • The average score is 26 of 30

Answer Stats

ContinentPop.Country% Correct
North America 46,627,000 United States
100%
North America 7,836,000 Canada
99%
North America 1,193,000 Mexico
99%
South America 714,000 Brazil
98%
Europe 7,784,000 France
98%
Europe 12,006,000 Germany
98%
Europe 8,543,000 United Kingdom
98%
South America 2,086,000 Argentina
97%
Asia 4,159,000 China
97%
Europe 11,643,000 Russia
96%
Oceania 6,764,000 Australia
95%
Oceania 1,040,000 New Zealand
95%
Africa 3,143,000 South Africa
95%
South America 469,000 Chile
94%
Asia 5,241,000 India
94%
Europe 5,853,000 Spain
94%
Oceania 14,000 Fiji
87%
South America 1,404,000 Venezuela
86%
Africa 1,199,000 Nigeria
84%
Asia 10,186,000 Saudi Arabia
84%
South America 388,000 Ecuador
83%
North America 416,000 Dominican Republic
76%
Africa 1,084,000 Kenya
76%
Oceania 26,000 Papua New Guinea
76%
Asia 8,095,000 United Arab Emirates
76%
North America 422,000 Costa Rica
72%
Africa 1,073,000 Ethiopia
69%
Asia 3,913,000 Thailand
66%
Oceania 6,000 Tonga
65%
Africa 2,175,000 Côte d'Ivoire
36%

Score Distribution

Percentile by Number Answered

Percent of People with Each Score

Your Score History

You have not taken this quiz